000 00725nam a2200277 i 4500
001 C2-0281742
003 PPAK
005 20180728012246.0
008 070829s200 my a|||| ||||| | may d
020 _a9789831976036
040 _aPPAK
_beng
_cPPAK
_erda
082 0 4 _a899.233
_223
090 0 0 _a899.233
_bNAZ
_dG
100 0 _aNazlah,
_eauthor
245 1 0 _aDia ...
264 1 _aKuala Lumpur :
_bSynergy Media ,
300 _a163 pages :
_billustrations ;
_c18 cm
336 _2rdacontent
_atext
337 _2rdamedia
_aunmediated
338 _2rdacarrier
_avolume
490 1 _aNovel remaja Islam
650 1 0 _aMalay fiction.
700 0 _aAmirul,
_eeditor
830 0 _aNovel remaja Islam
942 _ddc
_cB
999 _c88047
_d88047